书目信息 |
| 题名: |
图说北方番木瓜设施栽培关键技术
|
|
| 作者: | 刘慧纯 编著 | |
| 分册: | ||
| 出版信息: | 北京 金盾出版社 2013.01 |
|
| 页数: | 78页 | |
| 开本: | 21cm | |
| 丛书名: | ||
| 单 册: | ||
| 中图分类: | S667.9-64 | |
| 科图分类: | ||
| 主题词: | 番木瓜--设施农业--图解 , 番木瓜 , 设施农业 | |
| 电子资源: | ||
| ISBN: | 978-7-5082-7977-0 | |
| 000 | 00962nam0 2200265 450 | |
| 001 | 006495892 | |
| 005 | 20140610085512.29 | |
| 010 | @a978-7-5082-7977-0@dCNY15.00 | |
| 100 | @a20130305d2013 em y0chiy0110 ea | |
| 101 | 0 | @achi |
| 102 | @aCN@b110000 | |
| 105 | @aa z 000yy | |
| 106 | @ar | |
| 200 | 1 | @a图说北方番木瓜设施栽培关键技术@9tu shuo bei fang fan mu gua she shi zai pei guan jian ji shu@f刘慧纯编著 |
| 210 | @a北京@c金盾出版社@d2013.01 | |
| 215 | @a78页@d21cm | |
| 330 | @a本书以图文结合的形式介绍了北方番木瓜设施栽培的各项关键技术。内容包括:概述,适宜的设施类型及其建造,生物学特性及对环境条件的要求,主要品种,苗木繁育与定植技术,栽培管理关键技术,病虫害防治技术等。 | |
| 333 | @a适合广大果农、基层农业技术推广人员 | |
| 606 | 0 | @a番木瓜@x设施农业@j图解 |
| 606 | 0 | @a番木瓜 |
| 606 | 0 | @a设施农业 |
| 690 | @aS667.9-64@v5 | |
| 701 | 0 | @a刘慧纯@9liu hui chun@4编著 |
| 801 | 0 | @aCN@bNLC@c20130322 |
| 905 | @b846860-62@dS667.9-64@e292@f3 | |
| 图说北方番木瓜设施栽培关键技术/刘慧纯编著.-北京:金盾出版社,2013.01 |
| 78页;21cm |
| 使用对象:适合广大果农、基层农业技术推广人员 |
| ISBN 978-7-5082-7977-0:CNY15.00 |
| 本书以图文结合的形式介绍了北方番木瓜设施栽培的各项关键技术。内容包括:概述,适宜的设施类型及其建造,生物学特性及对环境条件的要求,主要品种,苗木繁育与定植技术,栽培管理关键技术,病虫害防治技术等。 |
| ● |
| 相关链接 |
|
|
|
|
正题名:图说北方番木瓜设施栽培关键技术
索取号:S667.9-64/292
 
预约/预借
| 序号 | 登录号 | 条形码 | 馆藏地/架位号 | 状态 | 备注 |
| 1 | 846860 | 208468601 | 第二样本阅览室/ [索取号:S667.9-64/292] | 在馆 | |
| 2 | 846861 | 208468610 | 第三借阅区/ [索取号:S667.9-64/292] | 在馆 | |
| 3 | 846862 | 208468629 | 第三借阅区/ [索取号:S667.9-64/292] | 在馆 |